header

Instant SymPy starter (Record no. 1101)

MARC details
000 -LEADER
fixed length control field 01119nam a2200277 a 4500
100 1# - MAIN ENTRY--AUTHOR NAME
Personal name Lamy, Ronan.
245 10 - TITLE STATEMENT
Title Instant SymPy starter
260 ## - PUBLICATION, DISTRIBUTION, ETC. (IMPRINT)
Place of publication Birmingham :
Name of publisher Packt Pub.,
Year of publication 2013.
300 ## - PHYSICAL DESCRIPTION
Number of Pages ii, 37 p. :
Other physical details col. ill.
500 ## - GENERAL NOTE
General note "Instant: short, fast, focused"--Cover.
650 #0 - SUBJECT ADDED ENTRY--TOPICAL TERM
Topical Term Mathematics
856 40 - ELECTRONIC LOCATION AND ACCESS
Uniform Resource Identifier http://site.ebrary.com/lib/rucke/Doc?id=10714638

No items available.

© 2026 Rongo University
Contact us: librarian | system librarian | Rongo university